000 00736nam0a22002531 4500
001 rc\1145673
005 20041129084441.6
035 _a(NLR Aleph) 006391750
090 _a5155206
_c5155206
100 _a20041129d1980 u |0rusy50 ca
101 0 _arus
102 _aRU
105 _aa |||||||||
200 1 _aМеталл в архитектуре
210 _aМ.
_cСтройиздат
_d1980
215 _a232 с.
_cил.
_d20
225 1 _aМатериал в архитектуре
320 _aБиблиогр.: с. 228-231 (140 назв.)
700 1 _aМардер
_bА. П.
_gАбрам Павлович
801 0 _aRU
_bNLR
_gpsbo
801 1 _aRU
_bELAR
_2rusmarc
852 _aNLR
_j81-3/4649
942 _cBOOK
980 _aNB